| 000 | 01401nam a2200313 a 4500 | ||
|---|---|---|---|
| 999 |
_c447759 _d447759 |
||
| 003 | BLK | ||
| 005 | 20230628132620.0 | ||
| 008 | 180410b bul|||||r ||||||| ||bul|| | ||
| 040 | _aBLK | ||
| 041 |
_aBUL _cBUL |
||
| 080 |
_aДраматични театри. Театри за драма и комедия. Вж и 82-2 _b792.2 _x(497.215)(062) _z792.2(497.215)(062) |
||
| 110 |
_9471280 _aДраматичен театър "Сава Огнянов" - Русе |
||
| 139 | _bД 87 | ||
| 245 | 1 | 0 |
_aЖенитба _bСъвсем невероятно събитие в две действия, написано през 1833 година от Николай В. Гогол _cпрев. от рус. Христо Радевски _h[Малотир. изд.] |
| 260 |
_aРусе _bб. и. _c1986 _9219538 |
||
| 300 |
_a8 с. _c21 см |
||
| 380 | _a7 | ||
| 500 | _a Сезон 1986/87 г. Постановка Стоян Камбарев; сценогр. и костюми Виолета Радкова; | ||
| 653 | 7 |
_9185505 _aДраматичен театър "Сава Огнянов" |
|
| 653 | 7 |
_9197100 _aспектакли |
|
| 653 | 7 |
_9198059 _aтеатрални постановки |
|
| 852 |
_bК _cК 792/Д 87 |
||
| 856 | 4 | _qpdf | |
| 856 | 4 | _qpdf | |
| 942 |
_cKNG _n0 _s1 _01 |
||
| 944 |
_aCR _c2022-03-09 _kХристина Везирева |
||
| 999 | _d447759 | ||
| 999 | _d447759 | ||